Curso de derecho administrativo / Eduardo García de Enterría, Tomás-Ramón Fernández
ISBN:
84-470-0252-7
Descripción Física:
v. ; 25 cm
Otros Autores:
Fernández, Tomás-Ramón
Materias:
Dret administratiu -- Espanya
MARC
| LEADER | 00000nam a2200000Ia 4500 | ||
|---|---|---|---|
| 001 | 17162 | ||
| 008 | 160829s1995 xx 000 0 cat d | ||
| 020 | |a 84-470-0252-7 (o.c.), 84-470-0592-5 (v.1) | ||
| 080 | |a D-3-55 | ||
| 100 | 1 | |a García de Enterría, Eduardo, |d 1923-2013 |9 24607 | |
| 245 | |a Curso de derecho administrativo / Eduardo García de Enterría, Tomás-Ramón Fernández | ||
| 250 | |a 7a ed. | ||
| 260 | |a Madrid : |b Civitas, |c 1995 | ||
| 300 | |a v. ; |c 25 cm | ||
| 650 | 0 | |a Dret administratiu |z Espanya |9 23238 | |
| 700 | |a Fernández, Tomás-Ramón |9 39133 | ||
| 866 | |a 1 | ||
| 901 | |a Arxiu | ||
| 942 | |n 1 | ||
| 952 | |0 1 |1 0 |2 udc |4 0 |5 2 |6 D355 |7 1 |9 48825 |a Arxiu |b Arxiu |d 2016-12-01 |l 0 |o D-3-55 |p 17162 |r 2016-12-01 00:00:00 |w 2016-12-01 |y ARXIU | ||
| 999 | |c 52660 |d 52660 | ||